Word Ladder: Green Machine Quiz Stats

 Plays Quiz Updated Aug 13, 2015

Challenge
Share
Tweet
Embed
Score 0/24 Timer 03:00
2 Plays Today
Clue 4-Letter Word % Correct
Without hearingDEAF
97.7%
Piece of foliageLEAF
96.6%
Urinated (informal)PEED
96.4%
Bottom-heavy fruitPEAR
96.3%
Bridge feeTOLL
96.1%
Unwanted plantWEED
96.1%
Capsule or tabletPILL
95.4%
____-view mirrorREAR
95.4%
Letter starterDEAR
95.3%
A social equalPEER
95.1%
I ____ you so!TOLD
94.8%
A vote castingPOLL
94.6%
Clue 4-Letter Word % Correct
Swimming ____POOL
94.6%
Herb in soups or picklesDILL
93.3%
Drip from a pipeLEAK
92.1%
Carpenter's helperTOOL
92.1%
Actual, existingREAL
91.5%
Use a blowtorchWELD
90.6%
Bread concernMOLD
89.8%
Control knobDIAL
87.3%
Vulcan mind ____MELD
86.7%
Iranian currencyRIAL
84.1%
Alliaceous plant, national symbol of WalesLEEK
76.7%
A pocket watch part, perhapsGEAR
54%

Today's Daily Dose

You're not logged in!

Compare scores with friends on all Sporcle quizzes.
OR
Log In

You Might Also Like...

Show Comments

Extras

Top Quizzes Today


Score Distribution

Your Account Isn't Verified!

In order to create a playlist on Sporcle, you need to verify the email address you used during registration. Go to your Sporcle Settings to finish the process.

Report this User

Report this user for behavior that violates our Community Guidelines.

Details: